000 00479nmm a2200157Ia 4500
008 251105s9999||||xx |||||||||||||||||und||
020 _a9788497441711
041 _aspa
100 _aBuil Pueyo, Miguel Ángel
245 0 _aFernando Mora :
_b Una estampa castiza en la edad de plata
264 _a[Madrid, España] :
_bEdiciones Doce Calles,
_c2014
300 _a202 páginas
650 _aBiography
856 _uhttps://public.digitaliapublishing.com/a/162617
942 _cCF
999 _c90545
_d90545